PID regulátor na báze neurónových sietí pre PLC S7-1200

Saved in:
Bibliographic Details
Main Author: Ruchovanský, Oliver (Author)
Other Authors: Kopček, Michal (Thesis advisor)
Format: Manuscript Book
Language:Slovak
Published: 2021
Subjects:
Online Access:http://is.stuba.sk/zp/portal_zp.pl?podrobnosti=148702
Tags: Add Tag
No Tags, Be the first to tag this record!

MARC

LEADER 00000ntm a22000003a 4500
001 stuzp83220
003 SK-STU
005 20210703211659.8
007 ta
008 150427s2015----xo-----f-mn---000-0-slo-d
040 |a STU  |b slo 
041 0 |a slo 
100 1 |a Ruchovanský, Oliver  |u 066000  |4 aut  |U MTF Materiálovotechnologická fakulta  |T MTF Ústav aplikovanej informatiky, automatizácie a mechatroniky  |X 97185  |U M6000  |Y 86  |7 97185 
242 0 1 |a Neural network base PID controller for PLC S7-1200  |y eng 
245 1 0 |a PID regulátor na báze neurónových sietí pre PLC S7-1200 
260 |c 2021 
650 4 |a neurónová sieť  |2 slo 
650 4 |a Siemens S7-1200  |2 slo 
650 4 |a PID regulátor  |2 slo 
650 4 |a TIA Portal  |2 slo 
650 4 |a PID controller  |2 eng 
650 4 |a neural networks  |2 eng 
650 4 |a Siemens S7-1200  |2 eng 
650 4 |a TIA Portal  |2 eng 
700 1 |a Kopček, Michal  |u 066000  |k Z8  |4 ths  |U MTF Materiálovotechnologická fakulta  |T MTF Ústav aplikovanej informatiky, automatizácie a mechatroniky  |X 16383  |U M6000  |Y 86  |7 A000016383 
856 4 |u http://is.stuba.sk/zp/portal_zp.pl?podrobnosti=148702 
996 |c M* BP-9201  |l MMSKP  |s P  |a 0  |w stuzp83220_0001